[Event "AUTO-OPEN-3421"]
[Site "http://www.queenalice.com/game.php?id=1335955"]
[Date "2015.1.21"]
[Round "1"]
[White "Foliko"]
[Black "slowfox"]
[Result "0-1"]
[WhiteElo "1961"]
[BlackElo "2525"]

1. e4 e6 2. d4 d5 3. exd5 exd5 4. c3 Bd6 5. Be3 Nf6 6. Bb5+ c6 7. Ba4 O-O 8. Nf3
Bg4 9. O-O Nbd7 10. Nbd2 Ne4 11. Qc1 f5 12. h3 Nxd2 13. Nxd2 Bxh3 14. gxh3 f4
15. Nf3 fxe3 16. fxe3 Nf6 17. Bc2 Ne4 18. Qd1 Ng3 19. Rf2 Qd7 20. Rg2 Qxh3 21.
Rh2 Ne2+ 22. Qxe2 Bxh2+ 23. Nxh2 Qg3+ 24. Kh1 Rf2 25. Bxh7+ Kh8 0-1

[Event "AUTO-OPEN-3421"]
[Site "http://www.queenalice.com/game.php?id=1335956"]
[Date "2015.1.21"]
[Round "1"]
[White "slowfox"]
[Black "elisangela"]
[Result "1-0"]
[WhiteElo "2522"]
[BlackElo "1757"]

1. e4 e6 2. d4 h6 3. c4 a6 4. Nc3 Bb4 5. Nf3 Bxc3+ 6. bxc3 b6 7. Bd3 Bb7 8. O-O
c5 9. dxc5 bxc5 10. Bf4 f6 11. Nh4 h5 12. Ng6 Rh7 13. Rb1 Bc6 14. e5 f5 15. Bxf5
exf5 16. Qd6 Rh6 17. Qf8# 1-0

[Event "AUTO-OPEN-3421"]
[Site "http://www.queenalice.com/game.php?id=1335957"]
[Date "2015.1.21"]
[Round "1"]
[White "elisangela"]
[Black "slowfox"]
[Result "0-1"]
[WhiteElo "1755"]
[BlackElo "2523"]

1. a3 g6 2. e3 Bg7 3. c3 c5 4. g3 Nc6 5. Bg2 d5 6. Qe2 Nf6 7. Bh3 Bxh3 8. Nxh3
Qd7 9. Nf4 e5 10. Nd3 Qd6 11. f3 O-O 12. e4 dxe4 13. fxe4 Rfd8 14. Nf2 Na5 15.
Qd1 c4 16. b4 Nb3 17. Ra2 Qc6 18. Qe2 Nxc1 0-1

[Event "AUTO-OPEN-3262"]
[Site "http://www.queenalice.com/game.php?id=1342056"]
[Date "2015.2.16"]
[Round "3"]
[White "slowfox"]
[Black "AAABBB"]
[Result "1/2-1/2"]
[WhiteElo "2522"]
[BlackElo "2793"]

1. d4 Nf6 2. c4 e6 3. Nf3 d5 4. Nc3 c5 5. cxd5 exd5 6. Bg5 Nc6 7. e3 c4 8. Bxf6
gxf6 9. Nd2 b5 10. a3 Be6 11. Be2 a6 12. O-O Bg7 13. f4 O-O 14. f5 Bc8 15. Bg4
Re8 16. Rf3 Ra7 17. Rg3 Rae7 18. Nf1 Na5 19. Qf3 Bb7 20. Qf4 Qc7 21. Qf2 Qd6 22.
Bd1 Kh8 23. Rh3 h6 24. Rc1 Nc6 25. Qf3 Rd7 26. Rg3 Ne7 27. Qh5 Rg8 28. Bf3 Bc6
29. Rg4 a5 30. Ng3 Nc8 1/2-1/2

[Event "AUTO-OPEN-3262"]
[Site "http://www.queenalice.com/game.php?id=1342057"]
[Date "2015.2.16"]
[Round "3"]
[White "AAABBB"]
[Black "slowfox"]
[Result "1-0"]
[WhiteElo "2778"]
[BlackElo "2524"]

1. e4 e6 2. d4 d5 3. Nc3 Nf6 4. Bg5 Bb4 5. e5 h6 6. exf6 hxg5 7. fxg7 Rg8 8. a3
Bxc3+ 9. bxc3 Qf6 10. h4 gxh4 11. Qh5 Qxg7 12. Qxh4 e5 13. O-O-O Nc6 14. dxe5
Qxe5 15. Kb2 Bg4 16. Nf3 Bxf3 17. gxf3 Kf8 18. f4 Qd6 19. Bd3 Re8 20. Ka2 Re6
21. f5 Rf6 22. c4 Qe5 23. Rb1 dxc4 24. Be4 Na5 25. Rhd1 Rd6 26. Rxd6 Qxd6 27.
Bxb7 1-0

[Event "AUTO-ELITE-1486"]
[Site "http://www.queenalice.com/game.php?id=1355144"]
[Date "2015.4.23"]
[Round "1"]
[White "Franzel"]
[Black "slowfox"]
[Result "1-0"]
[WhiteElo "2422"]
[BlackElo "2536"]

1. Nf3 d5 2. e3 Nf6 3. c4 e6 4. d4 Be7 5. Bd3 b6 6. cxd5 exd5 7. Ne5 O-O 8. O-O
Bb7 9. b3 c5 10. Nd2 Nbd7 11. Bb2 cxd4 12. exd4 Nxe5 13. dxe5 Ne4 14. Rb1 Bc5
15. Qh5 g6 16. Qe2 Ng5 17. Qg4 Ne6 18. Nf3 a5 19. h4 h5 20. Qg3 Qe7 21. a4 d4
22. Nd2 Ng7 23. Nc4 Rfe8 24. f4 Kh8 25. f5 gxf5 26. Nd6 Bxd6 27. exd6 Qf6 28.
Rbc1 Rg8 29. Qg5 Qxd6 30. Rc7 1-0

[Event "AUTO-ELITE-1486"]
[Site "http://www.queenalice.com/game.php?id=1355145"]
[Date "2015.4.23"]
[Round "1"]
[White "slowfox"]
[Black "Franzel"]
[Result "1-0"]
[WhiteElo "2528"]
[BlackElo "2431"]

1. e4 c5 2. Nf3 e6 3. d4 cxd4 4. Nxd4 a6 5. Bd3 Ne7 6. O-O Nbc6 7. Nxc6 Nxc6 8.
f4 Bc5+ 9. Kh1 O-O 10. c3 d5 11. Nd2 b5 12. exd5 exd5 13. b4 Be7 14. Nf3 Bf6 15.
Be3 Re8 16. Bc5 g6 17. Nd4 Bd7 18. Qf3 Qc7 19. Rac1 Rad8 20. h3 Qb7 21. Bb1 Qb8
22. Nxc6 Bxc6 23. f5 g5 24. Bd4 Rd6 25. Qh5 Qd8 26. Rf3 Bb7 27. Qh6 Re4 28. Bxe4
dxe4 29. Bxf6 Qxf6 30. Qxf6 Rxf6 31. Rf2 Bd5 32. Re1 h5 33. Kh2 Kg7 34. g4 hxg4
35. hxg4 Rh6+ 36. Kg3 Rc6 37. Re3 Kf6 38. Rh2 Ke5 39. Rh8 Rc7 40. Re8+ Kf6 41.
a3 Bc6 42. Rb8 Bb7 43. Rd8 Ke7 44. Rd4 Kf6 45. Rd8 Ke7 46. Rg8 Kf6 47. Kf2 Rd7
48. Ke2 Ke5 49. Rxg5 1-0

[Event "AUTO-ELITE-1486"]
[Site "http://www.queenalice.com/game.php?id=1355152"]
[Date "2015.4.23"]
[Round "1"]
[White "slowfox"]
[Black "Fquita"]
[Result "0-1"]
[WhiteElo "2531"]
[BlackElo "2607"]

1. d4 Nf6 2. c4 e6 3. Nf3 b6 4. g3 Ba6 5. b3 Bb4+ 6. Bd2 Be7 7. Nc3 O-O 8. e4 d5
9. cxd5 Bxf1 10. Kxf1 exd5 11. e5 Ne4 12. Kg2 c5 13. Re1 Nc6 14. Qe2 Nxd2 15.
Qxd2 Rc8 16. dxc5 d4 17. Ne4 bxc5 18. Rac1 Qd5 19. Nc3 Qe6 0-1

[Event "AUTO-ELITE-1486"]
[Site "http://www.queenalice.com/game.php?id=1355153"]
[Date "2015.4.23"]
[Round "1"]
[White "Fquita"]
[Black "slowfox"]
[Result "1-0"]
[WhiteElo "2600"]
[BlackElo "2538"]

1. e4 e6 2. d4 d5 3. e5 c5 4. c3 Nc6 5. Nf3 Qb6 6. Be2 cxd4 7. cxd4 Nge7 8. Nc3
Nf5 9. Na4 Qa5+ 10. Nc3 Bb4 11. O-O Bxc3 12. bxc3 Qxc3 13. Bd2 Qa3 14. Bc1 Qc3
15. Bd2 Qb2 16. Rb1 Qa3 17. Bb5 Bd7 18. g4 Nfe7 19. Re1 Nc8 20. Rb3 Qxa2 21.
Ree3 1-0

[Event "AUTO-OPEN-3476"]
[Site "http://www.queenalice.com/game.php?id=1357015"]
[Date "2015.5.2"]
[Round "1"]
[White "Slazenger"]
[Black "slowfox"]
[Result "0-1"]
[WhiteElo "1743"]
[BlackElo "2527"]

1. e4 e6 2. Nc3 d5 3. exd5 exd5 4. d4 c6 5. Nf3 Bd6 6. Qe2+ Ne7 7. Bd2 O-O 8.
O-O-O Bf5 9. Be3 Re8 10. Qd2 Bg4 11. Be2 Nd7 12. h3 Bxf3 13. Bxf3 Nb6 14. Be2
Nf5 15. Bg4 Nc4 16. Qd3 Nfxe3 17. fxe3 Rxe3 18. Qf5 Rxc3 19. Rdf1 Qb6 20. Qxf7+
Kh8 0-1

[Event "AUTO-OPEN-3476"]
[Site "http://www.queenalice.com/game.php?id=1357016"]
[Date "2015.5.2"]
[Round "1"]
[White "slowfox"]
[Black "Slazenger"]
[Result "1-0"]
[WhiteElo "2526"]
[BlackElo "1745"]

1. e4 e6 2. d4 c6 3. c4 Ne7 4. Nc3 d5 5. Nf3 Ng6 6. cxd5 cxd5 7. exd5 exd5 8.
Qb3 Qe7+ 9. Be3 Qb4 10. Bd2 Qxb3 11. axb3 Ne7 12. Nb5 Kd8 13. Ne5 a6 14. Ba5+
Ke8 15. Nd6# 1-0

[Event "AUTO-OPEN-3476"]
[Site "http://www.queenalice.com/game.php?id=1357061"]
[Date "2015.5.2"]
[Round "1"]
[White "salso"]
[Black "slowfox"]
[Result "0-1"]
[WhiteElo "2189"]
[BlackElo "2535"]

1. d4 Nf6 2. e3 d5 3. Bd3 c5 4. c3 Nc6 5. f4 Bg4 6. Nf3 e6 7. Nbd2 cxd4 8. exd4
Bd6 9. g3 O-O 10. O-O Rc8 11. Qe1 Bh3 12. Rf2 h6 13. Ne5 Bxe5 14. fxe5 Ng4 15.
Re2 f6 16. Nf3 fxe5 17. Re3 Nxe3 18. Qxe3 e4 19. Bxe4 dxe4 20. Qxe4 Qf6 21. Bf4
g5 22. Bd6 Rf7 23. Nd2 Qf2+ 0-1

[Event "AUTO-OPEN-3476"]
[Site "http://www.queenalice.com/game.php?id=1357062"]
[Date "2015.5.2"]
[Round "1"]
[White "slowfox"]
[Black "salso"]
[Result "1-0"]
[WhiteElo "2534"]
[BlackElo "2185"]

1. e4 e5 2. Nf3 d6 3. d4 Nd7 4. Bc4 c6 5. O-O Be7 6. dxe5 dxe5 7. Ng5 Bxg5 8.
Qh5 g6 9. Qxg5 Qxg5 10. Bxg5 h6 11. Be3 g5 12. Nd2 Ngf6 13. f3 b6 14. a4 a5 15.
Rfd1 Ba6 16. Bxa6 Rxa6 17. Nc4 Ke7 18. Rd6 Rc8 19. Rad1 Rc7 20. Bf2 h5 21. Ne3
c5 22. Nf5+ Kf8 23. Be3 Ra8 24. Bxg5 1-0

[Event "AUTO-OPEN-3421"]
[Site "http://www.queenalice.com/game.php?id=1371885"]
[Date "2015.7.17"]
[Round "2"]
[White "roqqk"]
[Black "slowfox"]
[Result "0-1"]
[WhiteElo "1687"]
[BlackElo "2535"]

1. e4 e6 2. Bc4 d5 3. Bb5+ c6 4. Ba4 dxe4 5. Ne2 b5 6. Bb3 Na6 7. a3 c5 8. Nbc3
Qa5 9. Nxe4 Bb7 10. N2g3 c4 11. Ba2 h5 12. h4 Rd8 13. c3 Nc5 14. b4 Nd3+ 15. Kf1
Qc7 16. a4 Nf6 17. Nxf6+ gxf6 18. Nxh5 Rxh5 19. Qxh5 Bxg2+ 20. Kg1 Qf4 21. Qe2
Bf3 22. Qe3 Qg4+ 23. Kf1 Qg2# 0-1

[Event "AUTO-OPEN-3421"]
[Site "http://www.queenalice.com/game.php?id=1371886"]
[Date "2015.7.17"]
[Round "2"]
[White "slowfox"]
[Black "roqqk"]
[Result "1-0"]
[WhiteElo "2536"]
[BlackElo "1689"]

1. d4 d6 2. e4 d5 3. exd5 Qxd5 4. c4 Qf5 5. Bd3 Qg4 6. Qxg4 Bxg4 7. f3 Bh5 8.
Bf4 Nc6 9. Ne2 O-O-O 10. Be3 Nb4 11. Be4 Nf6 12. a3 Nxe4 13. axb4 Nd6 14. c5 Nc4
15. Bc1 e5 16. b3 exd4 17. bxc4 Re8 18. Kf2 Be7 19. Nxd4 Bf6 20. Bb2 Rd8 21. Rd1
Bg6 22. Rxa7 Kb8 23. Ra1 Bc2 24. Rd2 Bb3 25. Nxb3 Rxd2+ 26. N1xd2 Bxb2 27. Re1
Bc3 28. b5 Rd8 29. Re2 f5 30. f4 Rd3 31. Re8+ Ka7 32. Ke2 Rd7 33. Nf1 b6 34. Ne3
Bb4 35. Nxf5 bxc5 36. Ne7 Kb7 37. Nc6 Kb6 38. Rb8# 1-0

[Event "AUTO-OPEN-3421"]
[Site "http://www.queenalice.com/game.php?id=1371889"]
[Date "2015.7.17"]
[Round "2"]
[White "jalhallib"]
[Black "slowfox"]
[Result "0-1"]
[WhiteElo "1880"]
[BlackElo "2537"]

1. Nf3 d5 2. d4 Nf6 3. g3 c6 4. Bg2 Bf5 5. c3 e6 6. Bg5 Be7 7. Bxf6 Bxf6 8. Nbd2
Nd7 9. O-O O-O 10. h3 c5 11. Nb3 Rc8 12. a3 h6 13. g4 Bh7 14. dxc5 Nxc5 15. Nxc5
Rxc5 16. Nd4 Qb6 17. b4 Rxc3 18. e3 Rd3 19. Qc1 Bxd4 20. exd4 Qxd4 21. Rd1 Rxd1+
22. Qxd1 Qxd1+ 23. Rxd1 Rc8 24. Ra1 Bd3 25. Bf1 Bxf1 26. Kxf1 Rc3 27. a4 Rxh3
28. Kg2 Rc3 29. b5 f6 30. a5 Rb3 31. b6 axb6 32. axb6 Rxb6 33. Ra8+ Kf7 34. f3
Rb2+ 35. Kg3 e5 0-1

[Event "AUTO-OPEN-3421"]
[Site "http://www.queenalice.com/game.php?id=1371890"]
[Date "2015.7.17"]
[Round "2"]
[White "slowfox"]
[Black "jalhallib"]
[Result "1-0"]
[WhiteElo "2534"]
[BlackElo "1907"]

1. e4 c6 2. d4 d5 3. Nc3 e6 4. Nf3 h6 5. Bd3 Bb4 6. O-O Bxc3 7. bxc3 b5 8. exd5
cxd5 9. Bxb5+ Bd7 10. Bd3 a6 11. Ne5 Nf6 12. Qf3 Nc6 13. Qg3 Nxe5 14. dxe5 Nh5
15. Qg4 g6 16. Bxg6 fxg6 17. Qxg6+ Kf8 18. Ba3+ 1-0